حلم البراءة : (رقم التسجيلة. 79270)
[ عرض عادي ]
| 000 -الفاتح | |
|---|---|
| حقل البيانات ثابتة الطول | 00915cam a2200229 i 4500 |
| 001 - رقم الضبط | |
| رقم الضبط | AUC_OC_124086598 |
| 003 - محدد رقم الضبط | |
| رقم الضبط | Ma-un |
| 005 - وقت وتاريخ اخر تعامل مع التسجيلة | |
| رقم الضبط | 20200929151601.0 |
| 008 - عناصر البيانات ثابتة الطول - معلومات عامة | |
| حقل البيانات ثابتة الطول | 200929s2020 ua g 000 f ara c |
| 020 ## - الرقم الدولى المعيارى للكتب | |
| الرقم الدولى المعيارى للكتاب | 9786030328994 |
| 040 ## - مصدر الفهرسة | |
| وكالة الفهرسة الأصلية | SA-RiPNU |
| لغة الفهرسة | ara |
| وكالة النسخ | Ma-un |
| قواعد الوصف | rda |
| 082 04 - رقم تصنيف ديوى العشرى | |
| رقم التصنيف | 920 |
| رقم الطبعة | 21 |
| رقم المادة | ض ع ح |
| 100 1# - المدخل الرئيسى - إسم شخصى | |
| الإسم الشخصى | ضاحي، عبدالرحمن محمد |
| الدور | مؤلف. |
| 245 10 - بيان العنوان | |
| العنوان | حلم البراءة : |
| بقية العنوان | مالكوم اكس عطاؤه الفكري ومنهجه الاصلاحي / |
| بيان المسئوليه,etc | عبدالرحمن محمد ضاحي. |
| 264 #1 - النشر, التوزيع, ETC. (IMPRINT) | |
| مكان الناشر او الموزع RDA | القاهرة : |
| اسم الناشر او الموزع RDA | آفاق المعرفة للنشر والتوزيع، |
| تاريخ النشر أو التوزيع | 2020. |
| تاريخ النشر هجري | 1440. |
| 300 ## - الوصف المادى | |
| التعداد | 271 صفحة ؛ |
| أبعاد الوعاء | 24× 17 سم |
| 504 ## - تبصرة ببليوجرافية | |
| تبصرة ببليوجرافية,الخ | يشتمل على قائمة ببليوجرافية. |
| 600 04 - المدخل الاضافى بالموضوع-اسم شخصى | |
| الإسم الشخصى | مالكوم، اكس، |
| التواريخ المصاحبة للاسم | ت 1385هـ |
| 650 #7 - المدخل الاضافى بالموضوع-مصطلح موضوعى | |
| مصطلح موضوعي أو اسم جغرافي كعنصر مدخل | التراجم. |
| 952 ## - LOCATION AND ITEM INFORMATION (KOHA) | |
| نوع المادة فى نظام كوها | كتاب |
| 952 ## - LOCATION AND ITEM INFORMATION (KOHA) | |
| نوع المادة فى نظام كوها | كتاب |
| 952 ## - LOCATION AND ITEM INFORMATION (KOHA) | |
| نوع المادة فى نظام كوها | كتاب |
| 952 ## - LOCATION AND ITEM INFORMATION (KOHA) | |
| نوع المادة فى نظام كوها | كتاب |
| 952 ## - LOCATION AND ITEM INFORMATION (KOHA) | |
| نوع المادة فى نظام كوها | كتاب |
| 952 ## - LOCATION AND ITEM INFORMATION (KOHA) | |
| نوع المادة فى نظام كوها | كتاب |
| 952 ## - LOCATION AND ITEM INFORMATION (KOHA) | |
| نوع المادة فى نظام كوها | كتاب |
| 952 ## - LOCATION AND ITEM INFORMATION (KOHA) | |
| نوع المادة فى نظام كوها | كتاب |
| 952 ## - LOCATION AND ITEM INFORMATION (KOHA) | |
| نوع المادة فى نظام كوها | كتاب |
| 942 ## - | |
| -- | ddc |
| -- | BOOK |
| 949 ## - معلومات معالجة محلية(OCLC) | |
| a | SA-RiPNU |
| n | 1 |
| d | 200929 |
| u | pnuone |
| حالة الفقد | نموذج السعر الفعال | حالة تلف | ليس للاعارة | تاريخ الاكتساب | رقم الطلب | تاريخ الاكتساب | الموقع الحالي | الباركود | الفرع الرئيسي | Date last seen | مصدر التصنيف او خطة الترفيف | Total Checkouts |
|---|---|---|---|---|---|---|---|---|---|---|---|---|
| 2020-09-29 | 2020-09-29 | 920 ض ع ح | 2020-09-29 | CL | 00166249 | المكتبة المركزية بالمجمعة (CL) | 2020-09-29 | Dewey Decimal Classification | ||||
| 2020-09-29 | 2020-09-29 | 920 ض ع ح | 2020-09-29 | CL | 00166250 | المكتبة المركزية بالمجمعة (CL) | 2020-09-29 | Dewey Decimal Classification | ||||
| 2020-09-29 | 2020-09-29 | 920 ض ع ح | 2020-09-29 | CL | 00166251 | المكتبة المركزية بالمجمعة (CL) | 2020-09-29 | Dewey Decimal Classification | ||||
| 2020-09-29 | 2020-09-29 | 920 ض ع ح | 2020-09-29 | EMF | 00166256 | مكتبة مجمع الطالبات بالمجمعة (EMF) | 2020-09-29 | Dewey Decimal Classification | ||||
| 2020-09-29 | 2020-09-29 | 920 ض ع ح | 2020-09-29 | EMF | 00166257 | مكتبة مجمع الطالبات بالمجمعة (EMF) | 2020-09-29 | Dewey Decimal Classification | ||||
| 2020-09-29 | 2020-09-29 | 920 ض ع ح | 2020-09-29 | EZF | 00166254 | مكتبة كلية التربية بالزلفى - طالبات (EZF) | 2020-09-29 | Dewey Decimal Classification | ||||
| 2020-09-29 | 2020-09-29 | 920 ض ع ح | 2020-09-29 | EZF | 00166255 | مكتبة كلية التربية بالزلفى - طالبات (EZF) | 2020-09-29 | Dewey Decimal Classification | ||||
| 2020-09-29 | 2020-09-29 | 920 ض ع ح | 2020-09-29 | SZM | 00166252 | مكتبة مجمع الكليات بالزلفى - طلاب (SZM) | 2020-09-29 | Dewey Decimal Classification | ||||
| 2020-09-29 | 2020-09-29 | 920 ض ع ح | 2020-09-29 | SZM | 00166253 | مكتبة مجمع الكليات بالزلفى - طلاب (SZM) | 2020-09-29 | Dewey Decimal Classification |
